top 10 most popular katy perry songs 2015 - Statistics

General Stats
  • This quiz has been taken 355 times
  • The average score is 7 of 10
Answer Stats
Hint Answer % Correct
6 Roar
87%
2 Firework
83%
1 I Kissed A Girl
73%
4 Teenage Dream
70%
8 Last Friday Night
66%
10 Hot n Cold
65%
7 California Gurls
62%
3 E.T
55%
5 Part of Me
52%
9 Wide Awake
50%
No matching quizzes found
Score Distribution
Percent of People with Each Score
Percentile by Number Answered
Your Score History
You have not taken this quiz